[Event "chess.com Speed 1m+1spm 2017"]
[Site "chess.com INT"]
[Date "2017.08.24"]
[Round "1.18"]
[White "Hou, Yifan"]
[Black "Caruana, Fabiano"]
[Result "0-1"]
[WhiteTitle "GM"]
[BlackTitle "GM"]
[WhiteElo "2652"]
[BlackElo "2802"]
[WhiteFideId "8602980"]
[BlackFideId "2020009"]
[EventDate "2017.05.03"]

1. Nf3 d5 2. g3 c6 3. Bg2 Bg4 4. O-O e6 5. b3 Nd7 6. Bb2 Ngf6 7. d3 Bd6 8. Nbd2
O-O 9. Qe1 Qe7 10. e4 dxe4 11. dxe4 e5 12. Nc4 Bb4 13. Qe2 b5 14. Ne3 Bxf3 15.
Bxf3 g6 16. a3 Bc5 17. Rfd1 a5 18. a4 b4 19. Nc4 Rfe8 20. Bg2 h5 21. Bh3 Bd4 22.
Bxd4 exd4 23. Rxd4 Ne5 24. Re1 c5 25. Rdd1 Nc6 26. Bg2 Nd4 27. Qd3 Ng4 28. f4
Rad8 29. h3 Nf6 30. e5 Nd5 31. Bxd5 Rxd5 32. Qe4 Qe6 33. Kg2 Red8 34. Ne3 R5d7
35. Rd2 f5 36. Qd3 Nc6 0-1

[Event "chess.com Speed 1m+1spm 2017"]
[Site "chess.com INT"]
[Date "2017.08.24"]
[Round "1.19"]
[White "Caruana, Fabiano"]
[Black "Hou, Yifan"]
[Result "1/2-1/2"]
[WhiteTitle "GM"]
[BlackTitle "GM"]
[WhiteElo "2802"]
[BlackElo "2652"]
[WhiteFideId "2020009"]
[BlackFideId "8602980"]
[EventDate "2017.05.03"]

1. d4 Nf6 2. Nf3 e6 3. Bf4 b6 4. e3 Bb7 5. Bd3 c5 6. O-O Be7 7. c4 O-O 8. Nc3
cxd4 9. exd4 d5 10. cxd5 Nxd5 11. Bg3 Nd7 12. Rc1 N7f6 13. Re1 Nxc3 14. bxc3 Rc8
15. Ne5 Qd5 16. f3 Rfd8 17. Qe2 Ba3 18. Rc2 Bf8 19. Bh4 Qd6 20. Qf2 Re8 21. Bxf6
gxf6 22. Qh4 Bg7 23. Qxh7+ Kf8 24. Nc4 Qf4 25. Qh3 Ke7 26. Qg3 Qxg3 27. hxg3 Ba6
28. Nb2 Bxd3 29. Nxd3 Red8 30. Kf2 Rxd4 31. cxd4 Rxc2+ 32. Re2 Rc4 33. d5 Rd4
34. Nf4 e5 35. Nh5 Bh6 36. Rc2 Rd2+ 37. Rxd2 Bxd2 38. Ke2 Bb4 39. g4 Bc5 40. Kd3
b5 41. Ng3 Bb6 42. Nf5+ Kd7 43. g3 a5 44. f4 exf4 45. gxf4 Bc7 46. Ke4 b4 47.
Ne3 a4 48. Nc4 b3 49. axb3 axb3 50. f5 Be5 51. Kd3 b2 52. Kc2 Bd4 53. Nd2 Be5
54. Ne4 Bd4 55. g5 fxg5 56. Nxg5 f6 57. Ne4 Be5 58. d6 Kc6 59. Kb1 Kd7 60. Kc2
Kc6 61. Kb1 Kd7 1/2-1/2

[Event "chess.com Speed 1m+1spm 2017"]
[Site "chess.com INT"]
[Date "2017.08.24"]
[Round "1.20"]
[White "Hou, Yifan"]
[Black "Caruana, Fabiano"]
[Result "0-1"]
[WhiteTitle "GM"]
[BlackTitle "GM"]
[WhiteElo "2652"]
[BlackElo "2802"]
[WhiteFideId "8602980"]
[BlackFideId "2020009"]
[EventDate "2017.05.03"]

1. c4 e5 2. Nc3 Nf6 3. Nf3 Nc6 4. a3 g6 5. g3 Bg7 6. Bg2 O-O 7. O-O a5 8. Rb1 d6
9. b4 axb4 10. axb4 Ne7 11. d3 h6 12. b5 Nh7 13. Nd2 f5 14. Bb2 Nf6 15. Qb3 Kh8
16. Ra1 Rb8 17. Ba3 Be6 18. Nd5 g5 19. Nxe7 Qxe7 20. Qc3 e4 21. d4 Qf7 22. e3
Rg8 23. b6 cxb6 24. Bxd6 Rbc8 25. Rfc1 b5 26. Qb4 bxc4 27. Ra7 c3 28. Rxc3 Nd5
29. Rxc8 Nxb4 30. Rxg8+ Qxg8 31. Bxb4 Qc8 32. Bc5 b6 33. Bxb6 Qc1+ 34. Nf1 Qb1
35. Bc5 Bc4 36. h3 Be2 37. Ra8+ Kh7 38. Ra7 Kg6 39. Ra6+ Bxa6 0-1

[Event "chess.com Speed 1m+1spm 2017"]
[Site "chess.com INT"]
[Date "2017.08.24"]
[Round "1.21"]
[White "Caruana, Fabiano"]
[Black "Hou, Yifan"]
[Result "1-0"]
[WhiteTitle "GM"]
[BlackTitle "GM"]
[WhiteElo "2802"]
[BlackElo "2652"]
[WhiteFideId "2020009"]
[BlackFideId "8602980"]
[EventDate "2017.05.03"]

1. e4 c5 2. Nc3 Nc6 3. Bb5 Nd4 4. Nf3 e6 5. O-O Ne7 6. Re1 Nxb5 7. Nxb5 Nc6 8.
d4 a6 9. Nc3 cxd4 10. Nxd4 Qc7 11. Nd5 exd5 12. exd5+ Ne7 13. a4 d6 14. Ra3 Bd7
15. Bg5 f6 16. Bf4 Kf7 17. Ne6 Qa5 18. c4 Ng6 19. Bd2 Qb6 20. Rb3 Qa7 21. Be3
Qb8 22. Bb6 Qc8 23. Qd4 Be7 24. Rbe3 Rb8 25. f4 Bd8 26. Nxd8+ Rxd8 27. Bxd8 Qxd8
28. b4 b6 29. h4 h5 30. Qd3 a5 31. Qe2 axb4 32. Qxh5 Qh8 33. Re7+ Kf8 34. Qxg6 1-0

[Event "chess.com Speed 1m+1spm 2017"]
[Site "chess.com INT"]
[Date "2017.08.24"]
[Round "1.22"]
[White "Hou, Yifan"]
[Black "Caruana, Fabiano"]
[Result "0-1"]
[WhiteTitle "GM"]
[BlackTitle "GM"]
[WhiteElo "2652"]
[BlackElo "2802"]
[WhiteFideId "8602980"]
[BlackFideId "2020009"]
[EventDate "2017.05.03"]

1. Nf3 d5 2. g3 g6 3. Bg2 Bg7 4. O-O e5 5. c4 c6 6. cxd5 cxd5 7. d4 e4 8. Ne1
Nc6 9. Nc2 h5 10. f3 h4 11. fxe4 dxe4 12. Be3 hxg3 13. hxg3 Nf6 14. Nc3 Ng4 15.
d5 Nxe3 16. Nxe3 Bd4 17. Qd2 Qg5 18. Nd1 Qxg3 19. dxc6 Be5 20. Rf2 Rh1+ 0-1

[Event "chess.com Speed 1m+1spm 2017"]
[Site "chess.com INT"]
[Date "2017.08.24"]
[Round "1.23"]
[White "Caruana, Fabiano"]
[Black "Hou, Yifan"]
[Result "1/2-1/2"]
[WhiteTitle "GM"]
[BlackTitle "GM"]
[WhiteElo "2802"]
[BlackElo "2652"]
[WhiteFideId "2020009"]
[BlackFideId "8602980"]
[EventDate "2017.05.03"]

1. e4 c5 2. Nc3 a6 3. g3 g6 4. d4 cxd4 5. Qxd4 Nf6 6. e5 Nc6 7. Qf4 Nh5 8. Qe4
d6 9. exd6 Qxd6 10. Be3 Bg7 11. Rd1 Qb4 12. Qxb4 Nxb4 13. Rd2 Be6 14. Bg2 Rc8
15. Nge2 Rc7 16. Nd4 O-O 17. Nxe6 fxe6 18. a3 Bxc3 19. bxc3 Nd5 20. Bxd5 exd5
21. Rxd5 Rxc3 22. Kd2 Rxa3 23. Rd7 Nf6 24. Rxe7 Nd5 25. Rxb7 Nxe3 26. fxe3 Rf2+
27. Kc1 Rc3 28. Rb2 Rxe3 29. Rd1 Kg7 30. Rb7+ Kh6 31. Rdd7 Rc3 32. Rxh7+ Kg5 33.
Rb2 a5 34. Kb1 a4 35. h4+ Kg4 36. Rg7 Kxg3 37. Rxg6+ Kxh4 38. Rb4+ Kh5 39. Rg1
Rcxc2 40. Rxa4 Rb2+ 41. Ka1 Rg2 42. Rxg2 Rxg2 43. Ra2 Rxa2+ 44. Kxa2 1/2-1/2

[Event "chess.com Speed 1m+1spm 2017"]
[Site "chess.com INT"]
[Date "2017.08.24"]
[Round "1.24"]
[White "Hou, Yifan"]
[Black "Caruana, Fabiano"]
[Result "1-0"]
[WhiteTitle "GM"]
[BlackTitle "GM"]
[WhiteElo "2652"]
[BlackElo "2802"]
[WhiteFideId "8602980"]
[BlackFideId "2020009"]
[EventDate "2017.05.03"]

1. Nf3 Nf6 2. g3 b6 3. Bg2 Bb7 4. O-O e6 5. c4 c5 6. Nc3 a6 7. d4 cxd4 8. Qxd4
Nc6 9. Qf4 Qb8 10. Qd2 Be7 11. b3 O-O 12. Bb2 Rd8 13. Rfd1 Ra7 14. e4 Ba8 15.
Qe2 d6 16. Nd2 Nd7 17. Nf1 Nc5 18. Ne3 Rad7 19. Rac1 Bf8 20. h4 Re8 21. Nc2 Qd8
22. b4 Nb7 23. a3 Qc8 24. Na4 Qd8 25. Qe3 b5 26. cxb5 axb5 27. Nb6 Rc7 28. Nxa8
Qxa8 29. Nd4 Rec8 30. Nxb5 Rd7 31. Nd4 Ne5 32. Rxc8 Qxc8 33. Rc1 Qd8 34. Nf3 Ng4
35. Qe2 h6 36. Nd4 Nf6 37. Nc6 Qa8 38. e5 dxe5 39. Nxe5 Rd8 40. Ng4 Nd5 41.
Nxh6+ gxh6 42. Qg4+ Kh7 43. Be4+ 1-0

[Event "chess.com Speed 1m+1spm 2017"]
[Site "chess.com INT"]
[Date "2017.08.24"]
[Round "1.25"]
[White "Caruana, Fabiano"]
[Black "Hou, Yifan"]
[Result "1-0"]
[WhiteTitle "GM"]
[BlackTitle "GM"]
[WhiteElo "2802"]
[BlackElo "2652"]
[WhiteFideId "2020009"]
[BlackFideId "8602980"]
[EventDate "2017.05.03"]

1. c4 e6 2. Nc3 b6 3. e4 Bb7 4. Nf3 Bb4 5. Bd3 Ne7 6. O-O Bxc3 7. bxc3 d6 8. Bc2
Nd7 9. d4 e5 10. Re1 O-O 11. Nd2 Ng6 12. Nf1 h6 13. Ng3 Kh7 14. a4 a5 15. Nf5
Qf6 16. Be3 Rae8 17. Qg4 Ne7 18. Nxh6 gxh6 19. Qxd7 Rg8 20. g3 Bc8 21. Qxc7 Qf3
22. Bd1 Qxe4 23. Rc1 Qg6 24. dxe5 dxe5 25. Qxb6 Nc6 26. Bc2 f5 27. Rcd1 Rg7 28.
Qc5 Re6 29. Rd5 h5 30. Red1 h4 31. Rd6 Rge7 32. Qxc6 hxg3 33. hxg3 1-0

[Event "chess.com Speed 1m+1spm 2017"]
[Site "chess.com INT"]
[Date "2017.08.24"]
[Round "1.26"]
[White "Hou, Yifan"]
[Black "Caruana, Fabiano"]
[Result "1/2-1/2"]
[WhiteTitle "GM"]
[BlackTitle "GM"]
[WhiteElo "2652"]
[BlackElo "2802"]
[WhiteFideId "8602980"]
[BlackFideId "2020009"]
[EventDate "2017.05.03"]

1. Nf3 g6 2. g3 Bg7 3. Bg2 Nf6 4. O-O O-O 5. c4 d6 6. d4 Nbd7 7. Nc3 a6 8. e4
Rb8 9. h3 c5 10. Re1 cxd4 11. Nxd4 Ne5 12. b3 Bd7 13. Bb2 b5 14. cxb5 axb5 15.
f4 Nc6 16. e5 Nxd4 17. Qxd4 b4 18. exf6 Bxf6 19. Qxf6 exf6 20. Nd5 Kg7 21. Rad1
Be6 22. Bxf6+ Qxf6 23. Nxf6 Kxf6 24. Rxd6 Rfd8 25. Red1 Rxd6 26. Rxd6 Ke7 27.
Rd2 Rc8 28. Kf2 Rc1 29. h4 Bf5 30. Ke3 Rc3+ 31. Kf2 Bb1 32. Bd5 f6 33. Bc4 h6
34. Be2 g5 35. hxg5 fxg5 36. fxg5 hxg5 37. Bd1 Kf6 38. Rd4 Rc1 39. Ke1 Rc3 40.
g4 Re3+ 41. Kd2 Re4 42. Rxe4 Bxe4 43. Ke3 Ke5 44. Bf3 Bb1 45. Bd1 Kd5 46. Bf3+
Ke5 47. Bd1 Kd5 48. Bf3+ Ke5 1/2-1/2

[Event "chess.com Speed 5m+2spm 2017"]
[Site "chess.com INT"]
[Date "2017.10.04"]
[Round "1.1"]
[White "Guseinov, Gadir"]
[Black "Carlsen, Magnus"]
[Result "0-1"]
[WhiteTitle "GM"]
[BlackTitle "GM"]
[WhiteElo "2645"]
[BlackElo "2832"]
[WhiteFideId "13401378"]
[BlackFideId "1503014"]
[EventDate "2017.05.03"]

1. e4 g6 2. d4 Bg7 3. Nf3 d6 4. Be2 Nf6 5. Nc3 O-O 6. O-O Nc6 7. Be3 e5 8. dxe5
dxe5 9. Qxd8 Rxd8 10. Rfd1 Bg4 11. Kf1 Bxf3 12. Bxf3 Nd4 13. Rac1 a6 14. Nd5
Nxd5 15. exd5 Rd7 16. Bxd4 exd4 17. Re1 Kf8 18. Ke2 Rad8 19. Kd3 Rd6 20. c4 dxc3
21. bxc3 c5 22. a4 b5 23. axb5 axb5 24. Rb1 c4+ 25. Kc2 Rb8 26. Rb2 Rdb6 27.
Reb1 Be5 28. Be2 Bc7 29. d6 Bxd6 30. Bxc4 Rc8 31. Bxb5 Be5 32. Rb3 Rf6 33. f3
Bxh2 34. Rh1 Bf4 35. Rxh7 Rc5 36. Rh8+ Kg7 37. Re8 Be5 38. Bd3 Rd6 39. c4 Ra5
40. Rb5 Ra2+ 41. Kb1 Rxg2 42. Rexe5 Rxd3 43. Re1 Rxf3 44. Rc1 Rf6 45. c5 Rc6 46.
Rb6 Rc8 47. c6 Re2 48. c7 Re7 49. Rbc6 g5 50. Kb2 g4 51. Kb3 g3 52. R1c3 Kf8 53.
Rxg3 Rexc7 54. Rb6 Rc6 55. Rb4 Rg6 56. Rf3 Rc7 57. Kb2 Kg7 58. Kb3 Rg5 59. Rc4
Rgc5 60. Rg4+ Kf8 61. Rb4 f5 62. Rbf4 Rb5+ 63. Ka4 Rcc5 64. Rh3 Kg7 65. Rfh4 Rb1
66. Rh7+ Kf6 67. R7h6+ Ke5 68. Re3+ Kf4 69. Rhh3 Rc8 70. Ref3+ Ke5 71. Re3+ Kf6 0-1

[Event "chess.com Speed 5m+2spm 2017"]
[Site "chess.com INT"]
[Date "2017.10.04"]
[Round "1.2"]
[White "Carlsen, Magnus"]
[Black "Guseinov, Gadir"]
[Result "1-0"]
[WhiteTitle "GM"]
[BlackTitle "GM"]
[WhiteElo "2832"]
[BlackElo "2645"]
[WhiteFideId "1503014"]
[BlackFideId "13401378"]
[EventDate "2017.05.03"]

1. e4 c5 2. a3 g6 3. Nc3 Bg7 4. Bc4 Nc6 5. d3 d6 6. h4 Nf6 7. Nge2 h5 8. Bg5 Nd4
9. Nxd4 cxd4 10. Nd5 Nxd5 11. Bxd5 Qb6 12. O-O O-O 13. Bxe7 Re8 14. Bg5 Qxb2 15.
Rb1 Qxa3 16. Qf3 Be6 17. Rxb7 Bxd5 18. exd5 Rf8 19. Be7 Rab8 20. Rd7 Qa4 21.
Rxd6 Rfe8 22. Bf6 Bf8 23. Rc6 Rbc8 24. g3 a5 25. c4 dxc3 26. Bxc3 Bg7 27. Bxg7
Kxg7 28. Qf6+ Kg8 29. Rfc1 Rb8 30. d6 Qg4 31. Rc7 Rf8 32. d7 Rbd8 33. Qe7 Qe6
34. Qxe6 fxe6 35. R1c6 Kf7 36. Ra6 Ke7 37. Rxa5 Rxd7 38. Rxd7+ Kxd7 39. Ra7+ Kd6
40. Rg7 Rf6 41. Kg2 e5 42. f3 Kd5 43. Kf2 Ra6 44. Ke3 Rb6 45. g4 hxg4 46. fxg4
Ra6 47. Rg8 Rb6 48. h5 gxh5 49. gxh5 Rh6 50. Rg5 Ra6 51. Rg1 Rh6 52. Rh1 Kd6 53.
Ke4 Ke6 54. Rh4 Kf6 55. Rh2 Ke6 56. Rh1 Kf6 57. Kd5 Rh8 58. h6 Rd8+ 59. Ke4 Rd4+
60. Ke3 Rd8 61. h7 Kg7 62. h8=Q+ 1-0

[Event "chess.com Speed 5m+2spm 2017"]
[Site "chess.com INT"]
[Date "2017.10.04"]
[Round "1.3"]
[White "Guseinov, Gadir"]
[Black "Carlsen, Magnus"]
[Result "0-1"]
[WhiteTitle "GM"]
[BlackTitle "GM"]
[WhiteElo "2645"]
[BlackElo "2832"]
[WhiteFideId "13401378"]
[BlackFideId "1503014"]
[EventDate "2017.05.03"]

1. e4 Nc6 2. Nf3 d6 3. d4 Nf6 4. Bd3 e5 5. d5 Nb4 6. Be2 a5 7. O-O Be7 8. Nbd2
O-O 9. a3 Na6 10. b4 c6 11. c4 Bd7 12. Rb1 axb4 13. axb4 c5 14. b5 Nb4 15. Bb2
g6 16. Qb3 Nh5 17. Rfe1 Nf4 18. Bf1 f5 19. Ba3 Nc2 20. Qxc2 Rxa3 21. Ra1 Rxa1
22. Rxa1 g5 23. exf5 g4 24. Ne1 Bxf5 25. Qd1 Bg5 26. Ra3 Qf6 27. g3 Nh3+ 28.
Bxh3 gxh3 29. Qe2 e4 30. Ra2 Qd4 31. Nf1 Bd7 32. Ne3 Bxe3 33. Qxe3 Qxe3 34. fxe3
Bg4 35. Rf2 Ra8 36. Rf4 h5 37. Rxe4 Ra1 38. Kf1 Ra2 39. Kg1 Re2 40. Nd3 Rg2+ 0-1

[Event "chess.com Speed 5m+2spm 2017"]
[Site "chess.com INT"]
[Date "2017.10.04"]
[Round "1.4"]
[White "Carlsen, Magnus"]
[Black "Guseinov, Gadir"]
[Result "1-0"]
[WhiteTitle "GM"]
[BlackTitle "GM"]
[WhiteElo "2832"]
[BlackElo "2645"]
[WhiteFideId "1503014"]
[BlackFideId "13401378"]
[EventDate "2017.05.03"]

1. Nf3 g6 2. d4 Nf6 3. Nc3 Bg7 4. e4 d6 5. Be2 O-O 6. O-O Bg4 7. Be3 Nc6 8. Qc1
e5 9. dxe5 dxe5 10. Rd1 Qe7 11. Bg5 Qc5 12. Bxf6 Bxf6 13. Nd5 Bg7 14. c3 Bxf3
15. Bxf3 Ne7 16. Qe3 Qd6 17. Nb4 Qe6 18. Qc5 a5 19. Nc2 Rfc8 20. Be2 b6 21. Qb5
Rd8 22. Ne3 h5 23. g3 Bh6 24. Nc4 Bg7 25. a4 1-0

[Event "chess.com Speed 5m+2spm 2017"]
[Site "chess.com INT"]
[Date "2017.10.04"]
[Round "1.5"]
[White "Guseinov, Gadir"]
[Black "Carlsen, Magnus"]
[Result "1/2-1/2"]
[WhiteTitle "GM"]
[BlackTitle "GM"]
[WhiteElo "2645"]
[BlackElo "2832"]
[WhiteFideId "13401378"]
[BlackFideId "1503014"]
[EventDate "2017.05.03"]

1. e4 e5 2. Nf3 d6 3. d4 exd4 4. Nxd4 Nf6 5. Nc3 Be7 6. g3 Nc6 7. Bg2 Nxd4 8.
Qxd4 O-O 9. O-O Re8 10. Re1 Be6 11. e5 dxe5 12. Qxd8 Rexd8 13. Bxb7 Rab8 14. Bg2
Bb4 15. Be3 a5 16. Ba7 Bxc3 17. bxc3 Rb2 18. a4 e4 19. Bd4 Rxc2 20. h3 h6 21. g4
Rb8 22. Bxe4 Nxe4 23. Rxe4 Bd5 24. Re7 c5 25. Bxc5 Rxc3 26. Be3 Rcb3 27. Kh2 Rb1
28. Rxb1 Rxb1 29. Ra7 g5 30. Rxa5 Rh1+ 31. Kg3 Rg1+ 32. Kh2 Rg2+ 33. Kh1 Be4 34.
Re5 Rxg4+ 35. Kh2 Rg2+ 36. Kh1 Bf3 37. Rf5 Rxf2+ 38. Kg1 Rg2+ 39. Kf1 Be4 40.
Re5 Bc6 41. Rc5 Bf3 42. Rf5 Rg3 43. Kf2 Be4 44. Kxg3 Bxf5 45. h4 f6 46. Bb6 Kf7
47. Bd8 Bc8 48. a5 Kg6 49. Be7 f5 50. hxg5 hxg5 51. Bd6 Kf7 52. Bc7 Ba6 53. Bd8
Kg6 54. Bc7 Bc4 55. Bd6 Be2 56. Bc7 Kf7 57. Bd8 Kg6 58. Bc7 Bc4 59. Bd6 Kf6 60.
Bc7 Ke6 61. Bd8 f4+ 62. Kg4 1/2-1/2

[Event "chess.com Speed 5m+2spm 2017"]
[Site "chess.com INT"]
[Date "2017.10.04"]
[Round "1.6"]
[White "Carlsen, Magnus"]
[Black "Guseinov, Gadir"]
[Result "1-0"]
[WhiteTitle "GM"]
[BlackTitle "GM"]
[WhiteElo "2832"]
[BlackElo "2645"]
[WhiteFideId "1503014"]
[BlackFideId "13401378"]
[EventDate "2017.05.03"]

1. b3 e5 2. Bb2 d6 3. e3 g6 4. d4 Bg7 5. dxe5 Nd7 6. h4 h5 7. Nf3 Nxe5 8. Nc3
Bg4 9. Be2 Nxf3+ 10. gxf3 Be6 11. Qd2 Ne7 12. O-O-O Nc6 13. Ne4 Bxb2+ 14. Kxb2
Qe7 15. Bb5 Bd7 16. Qc3 O-O-O 17. Nf6 Qe5 18. Bxc6 Bxc6 19. e4 Qf4 20. Rd5 Bxd5
21. Nxd5 Qe5 22. Nf6 c6 23. Rg1 Kb8 24. a4 Qh2 25. Rg5 Qxh4 26. Qe3 d5 27. exd5
cxd5 28. Qe5+ Ka8 29. Nxd5 a6 30. Nc7+ Ka7 31. Qc5+ Kb8 32. Nxa6+ Ka8 33. Nc7+
Kb8 34. Nb5 Qf4 35. Re5 1-0

[Event "chess.com Speed 5m+2spm 2017"]
[Site "chess.com INT"]
[Date "2017.10.04"]
[Round "1.7"]
[White "Guseinov, Gadir"]
[Black "Carlsen, Magnus"]
[Result "1/2-1/2"]
[WhiteTitle "GM"]
[BlackTitle "GM"]
[WhiteElo "2645"]
[BlackElo "2832"]
[WhiteFideId "13401378"]
[BlackFideId "1503014"]
[EventDate "2017.05.03"]

1. e4 c6 2. d4 d5 3. Nc3 dxe4 4. Nxe4 Qc7 5. Bc4 Nf6 6. Ng5 e6 7. Qe2 h6 8. N5f3
Bd6 9. Ne5 c5 10. Ngf3 cxd4 11. Bf4 Nc6 12. h4 Bd7 13. O-O O-O-O 14. c3 g5 15.
Nxd7 Rxd7 16. Bxd6 Qxd6 17. cxd4 Kb8 18. Bb5 Rc7 19. Bxc6 Rxc6 20. Ne5 Rc7 21.
Qf3 Qe7 22. Rac1 Rhc8 23. Rxc7 Rxc7 24. hxg5 hxg5 25. Qg3 Nd5 26. Re1 a6 27. Nf3
f6 28. Qg4 Rc6 29. Qe4 Qc7 30. g3 Ka7 31. a3 Qb6 32. Qe2 Qb3 33. Nh2 Rb6 34. Ng4
f5 35. Ne3 Qxb2 36. Qxb2 Rxb2 37. Nxd5 exd5 38. Re5 f4 39. Rxg5 fxg3 40. Rxg3
Rd2 41. f4 Rxd4 42. Rf3 Kb6 43. f5 Kc5 44. f6 Rg4+ 45. Kf2 Rg8 46. Ke3 Rf8 47.
Kd3 Rf7 48. a4 b5 49. axb5 axb5 50. Rf5 b4 51. Rf4 Kd6 52. Rxb4 Ke5 53. Rh4 Rxf6
54. Rh5+ Kd6 55. Rh8 Rf3+ 56. Kd4 Rf4+ 57. Kd3 1/2-1/2

[Event "chess.com Speed 5m+2spm 2017"]
[Site "chess.com INT"]
[Date "2017.10.04"]
[Round "1.8"]
[White "Carlsen, Magnus"]
[Black "Guseinov, Gadir"]
[Result "1-0"]
[WhiteTitle "GM"]
[BlackTitle "GM"]
[WhiteElo "2832"]
[BlackElo "2645"]
[WhiteFideId "1503014"]
[BlackFideId "13401378"]
[EventDate "2017.05.03"]

1. d4 Nf6 2. c4 g6 3. Nc3 Bg7 4. e4 d6 5. Be2 O-O 6. Be3 c6 7. Nf3 e5 8. dxe5
dxe5 9. O-O Qe7 10. h3 Na6 11. Qc2 Nh5 12. Rfd1 Nf4 13. Bf1 Nc5 14. b4 Nce6 15.
c5 a5 16. b5 Qf6 17. bxc6 bxc6 18. Rd6 Nxh3+ 19. Kh1 Nhf4 20. Rxc6 Nd4 21. Nxd4
Qh4+ 22. Kg1 exd4 23. Bxf4 Qxf4 24. Nd5 Qh4 25. g3 Qg5 26. Qc1 Qe5 27. Qf4 Rb8
28. Rc1 Be6 29. Rb6 Rxb6 30. cxb6 Qxf4 31. Nxf4 Bxa2 32. b7 Be5 33. Ra1 Bb3 34.
Rxa5 Bb8 35. Rc5 Kg7 36. Rc8 Ba4 37. Nd5 Bd7 38. Nb6 Bg4 39. Bc4 Ba7 40. Kg2 1-0

[Event "chess.com Speed 3m+2spm 2017"]
[Site "chess.com INT"]
[Date "2017.10.04"]
[Round "1.10"]
[White "Carlsen, Magnus"]
[Black "Guseinov, Gadir"]
[Result "1/2-1/2"]
[WhiteTitle "GM"]
[BlackTitle "GM"]
[WhiteElo "2832"]
[BlackElo "2645"]
[WhiteFideId "1503014"]
[BlackFideId "13401378"]
[EventDate "2017.05.03"]

1. c4 g6 2. g3 Bg7 3. Bg2 d6 4. Nc3 e5 5. e4 f5 6. Nge2 Nf6 7. d3 O-O 8. O-O c6
9. exf5 Bxf5 10. h3 h5 11. Bg5 Na6 12. Qd2 Qd7 13. Kh2 Rae8 14. Rad1 Nc5 15. Qe3
Ne6 16. Bxf6 Bxf6 17. Ne4 Bg7 18. Qxa7 Ra8 19. Qb6 Rxa2 20. Ra1 Rxa1 21. Rxa1
Nc5 22. Nxc5 dxc5 23. Ra7 Rf7 24. Qxc5 Bxd3 25. Qe3 Bxe2 26. Qxe2 Qd4 27. Ra8+
Bf8 28. Kg1 Kg7 29. Re8 Bc5 30. Bf3 Rf5 31. b4 Bxb4 32. Be4 Rf6 33. Kg2 Bc5 34.
Bf3 Bd6 35. h4 Rf7 36. Re6 Rf6 37. Rxf6 Kxf6 38. Be4 Bc5 39. Qc2 b5 40. cxb5
cxb5 41. Bxg6 Qxf2+ 42. Qxf2+ Bxf2 43. Bxh5 Bxg3 44. Kxg3 b4 45. Bd1 1/2-1/2

[Event "chess.com Speed 3m+2spm 2017"]
[Site "chess.com INT"]
[Date "2017.10.04"]
[Round "1.11"]
[White "Guseinov, Gadir"]
[Black "Carlsen, Magnus"]
[Result "0-1"]
[WhiteTitle "GM"]
[BlackTitle "GM"]
[WhiteElo "2645"]
[BlackElo "2832"]
[WhiteFideId "13401378"]
[BlackFideId "1503014"]
[EventDate "2017.05.03"]

1. e4 e5 2. Nf3 Nc6 3. Bb5 g6 4. d4 exd4 5. Bg5 Be7 6. Bxe7 Qxe7 7. Bxc6 dxc6 8.
Qxd4 Nf6 9. Nc3 Bg4 10. Nd2 c5 11. Qe3 O-O-O 12. f3 Be6 13. O-O-O b6 14. g4 Nd7
15. h3 Ne5 16. f4 Nc6 17. Nf3 h5 18. f5 hxg4 19. hxg4 Rxh1 20. Rxh1 Bc4 21. b3
Ba6 22. Rd1 Rxd1+ 23. Kxd1 Qd6+ 24. Nd2 Qh2 25. Kc1 Nd4 26. fxg6 fxg6 27. Nd5
Qh1+ 28. Kb2 Qd1 29. Qc3 Ne2 30. Qh8+ Kb7 31. Nb1 Qc1+ 32. Ka1 Nd4 33. Nb4 Bb5
34. a4 a5 0-1

[Event "chess.com Speed 3m+2spm 2017"]
[Site "chess.com INT"]
[Date "2017.10.04"]
[Round "1.12"]
[White "Carlsen, Magnus"]
[Black "Guseinov, Gadir"]
[Result "1-0"]
[WhiteTitle "GM"]
[BlackTitle "GM"]
[WhiteElo "2832"]
[BlackElo "2645"]
[WhiteFideId "1503014"]
[BlackFideId "13401378"]
[EventDate "2017.05.03"]

1. f4 d6 2. Nf3 c5 3. g3 Nc6 4. Bg2 g6 5. O-O Bg7 6. d3 e5 7. e4 Nge7 8. c3 O-O
9. Na3 f5 10. fxe5 dxe5 11. Be3 b6 12. exf5 Bxf5 13. Ng5 Qxd3 14. Qb3+ Kh8 15.
Rfe1 Bg4 16. Nf7+ Rxf7 17. Qxf7 Rf8 18. Qc4 Qd7 19. Rf1 Re8 20. Qf7 Be6 21. Rad1
Bxf7 22. Rxd7 Bxa2 23. Nb5 Be6 24. Rxe7 Nxe7 25. Nc7 Nf5 26. Bg5 h6 27. Nxe8
hxg5 28. Re1 Bf7 29. Nxg7 Kxg7 30. Rxe5 Kf6 31. Re1 Nd6 32. Bf1 a5 33. Kf2 b5
34. Bd3 a4 35. Ke3 b4 36. Ra1 a3 37. bxa3 b3 38. a4 c4 39. Bb1 Ke5 40. a5 Nb5
41. Kd2 Bd5 42. a6 Kd6 43. a7 Ba8 44. h4 gxh4 45. gxh4 Kc5 46. Bxg6 b2 47. Ra2 1-0

[Event "chess.com Speed 3m+2spm 2017"]
[Site "chess.com INT"]
[Date "2017.10.04"]
[Round "1.13"]
[White "Guseinov, Gadir"]
[Black "Carlsen, Magnus"]
[Result "0-1"]
[WhiteTitle "GM"]
[BlackTitle "GM"]
[WhiteElo "2645"]
[BlackElo "2832"]
[WhiteFideId "13401378"]
[BlackFideId "1503014"]
[EventDate "2017.05.03"]

1. e4 g6 2. d4 Bg7 3. Nc3 c6 4. Nf3 d6 5. Be2 Nf6 6. O-O O-O 7. Be3 Nbd7 8. Nd2
b6 9. f4 Bb7 10. e5 Ne8 11. Bf3 Nc7 12. Nde4 c5 13. exd6 exd6 14. Nxd6 Qe7 15.
Nxb7 Qxe3+ 16. Kh1 cxd4 17. Ne4 Qxf4 18. Ned6 Ne5 19. Bd5 Qh4 20. g3 Qe7 21. Bb3
Ne6 22. Qe2 Rab8 23. Qe4 h5 24. Rae1 Kh7 25. h3 Ng5 26. Qd5 Nxh3 27. Kg2 Ng5 28.
Qxd4 Rxb7 0-1

[Event "chess.com Speed 3m+2spm 2017"]
[Site "chess.com INT"]
[Date "2017.10.04"]
[Round "1.14"]
[White "Carlsen, Magnus"]
[Black "Guseinov, Gadir"]
[Result "1-0"]
[WhiteTitle "GM"]
[BlackTitle "GM"]
[WhiteElo "2832"]
[BlackElo "2645"]
[WhiteFideId "1503014"]
[BlackFideId "13401378"]
[EventDate "2017.05.03"]

1. d4 Nf6 2. Bf4 g6 3. e3 Bg7 4. Nf3 b6 5. h3 Bb7 6. Be2 O-O 7. O-O d6 8. a4
Nbd7 9. a5 bxa5 10. Nbd2 c5 11. Nc4 Ba6 12. Nxa5 Bxe2 13. Qxe2 Qb6 14. c3 Ne4
15. Qc2 d5 16. Nd2 Nxd2 17. Qxd2 Rfd8 18. Rfd1 c4 19. b3 cxb3 20. Rdb1 e5 21.
Rxb3 Qe6 22. Bg3 Nb6 23. Nb7 Nc4 24. Qa2 Rdc8 25. Nc5 Qc6 26. Qa6 Bf8 27. Nd3
Qxa6 28. Rxa6 e4 29. Ne5 Nd2 30. Rb2 Nc4 31. Nxc4 Rxc4 32. Rb5 Rxc3 33. Rxd5 Ra3
34. Rxa3 Bxa3 35. Ra5 Bb4 36. Ra6 f5 37. Be5 Kf7 38. g4 Be7 39. Kg2 Bh4 40. f3
h5 41. gxf5 gxf5 42. fxe4 fxe4 43. d5 Rg8+ 44. Kh1 Rc8 45. Rxa7+ Kg6 46. d6 Kf5
47. Bf4 Rc1+ 48. Kg2 Rc2+ 49. Kf1 Rf2+ 50. Kg1 Rd2 51. Ra5+ Kg6 52. Ra8 Bf6 53.
Kf1 h4 54. Ra5 Rd3 55. Ke2 Kf7 56. Ra4 1-0